| 000 | 01204nam a22004217a 4500 | ||
|---|---|---|---|
| 005 | 20260319091407.0 | ||
| 008 | 200915b2018 xxu||||| |||| 00| 0 spa d | ||
| 020 | _a9788491971344 | ||
| 041 | _aESP | ||
| 082 | _a364.168 F363c | ||
| 100 |
_aFernández Bermejo, Daniel _958701 |
||
| 100 |
_aMartínez Atienza, Georgonio _958702 |
||
| 245 | _aCiberseguridad, Ciberespacio y Ciberdelincuencia | ||
| 260 | _aEspaña | ||
| 260 | _bAranzadi | ||
| 260 | _c2018 | ||
| 300 | _a236 páginas | ||
| 490 | _aInvestigación Criminal | ||
| 650 | _aINVESTIGACIÓN CRIMINAL | ||
| 650 | _aCIBERSEGURIDAD | ||
| 650 | _aFUERZAS ARMADAS | ||
| 650 | _aSEGURIDAD PÚBLICA | ||
| 650 | _aSEGURIDAD CIUDADANA | ||
| 650 | _aAMENAZAS Y RIESGOS | ||
| 650 | _aLÍNEAS DE ACCIÓN | ||
| 650 | _aCIBERDEFENSA | ||
| 650 | _aTECNOLOGÍAS DE LA INFORMACIÓN Y LA COMUNICACIÓN | ||
| 650 | _aCIBERESPACIO | ||
| 650 | _aDERECHO A LA INTIMIDAD | ||
| 650 | _aDELITOS INFORMÁTICOS | ||
| 650 | _aAGENTE ENCUBIERTO INFORMÁTICO | ||
| 650 | _aVIDEOVIGILANCIA | ||
| 650 | _aPRUEBA TECNOLÓGICA | ||
| 650 | _aLAVADO DE DINERO | ||
| 650 | _aBLANQUEO DE CAPITALES | ||
| 650 | _aESPAÑA | ||
| 942 |
_cBK _2ddc |
||
| 999 |
_c12753 _d12753 |
||